Tuinvogels in Nederland top25 - Statistieken

Algemene statistieken
  • Deze quiz is 44 keer genomen
  • De gemiddelde score is 13 van 25
Antwoordstatistieken
Antwoord % Correct
heggenmus
96%
huismus
96%
merel
86%
houtduif
82%
koolmees
82%
pimpelmees
82%
staartmees
82%
stadsduif
82%
zwarte kraai
79%
roodborst
75%
ekster
64%
kauw
57%
vink
57%
spreeuw
43%
wilde eend
43%
gaai
29%
halsbandparkiet
21%
turkse tortel
21%
boomklever
18%
boomkruiper
18%
grote bonte specht
18%
winterkoning
18%
groenling
7%
zanglijster
7%
kokmeeuw
4%
Geen overeenkomende quizzen gevonden
Scoreverdeling
Procent van Mensen met Elke Score
Percentiel versus Aantal Correcte Antwoorden
Uw Scoregeschiedenis
U heeft deze quiz nog niet genomen